Analýza právnej úpravy použitia sily v medzinárodnom práve v kontexte vývoja vzťahov medzi Ruskom a Ukrajinou

Historickoprávna analýza vývoja vedúceho k zákazu agresie, ako aj osobitné právne situácie, v ktorých je povolené legálne použitie sily v súčasnom medzinárodnom práve a v medzinárodných vzťahoch.

Salvato in:
Dettagli Bibliografici
Autore principale: Vršanský, Peter
Natura: Capitolo di libro
Lingua:slovacco
Soggetti:
Tags: Aggiungi Tag
Nessun Tag, puoi essere il primo ad aggiungerne!!

MARC

LEADER 00000naa a2200000 4500
001 0192608
005 20221020081649.6
041 0 |a slo 
044 |a SK 
245 1 0 |a Analýza právnej úpravy použitia sily v medzinárodnom práve v kontexte vývoja vzťahov medzi Ruskom a Ukrajinou  |c Peter Vršanský 
520 |a Historickoprávna analýza vývoja vedúceho k zákazu agresie, ako aj osobitné právne situácie, v ktorých je povolené legálne použitie sily v súčasnom medzinárodnom práve a v medzinárodných vzťahoch. 
610 2 0 |a právo medzinárodné 
610 2 0 |a Rusko 
610 2 0 |a Ukrajina 
610 2 0 |a konflikty medzinárodné 
610 2 0 |a politika medzinárodná 
610 2 0 |a legislatíva 
100 1 |a Vršanský, Peter